00468nam a2200109Ia 4500008004100000050002300041100002000064245015300084260008600237300002000323521001500343140724s9999 xx 000 0 und d aBF 698b.B929 2013 aBufi, Dennis J. aPersonality types and level of marital satisfaction of selected married employees in Southviile International School and Colleges /cDennis J. Bufi. aLas Piñas, Philippines :bSouthville International School and Colleges,cc2013. a64 p. :c28 cm. aPsychology